Fellow workers and friends : I.W.W. free speech fights as told by participants /

Bibliographic Details
Other Authors: Foner, Philip Sheldon, 1910-1994
Format: Book
Language:English
Published: Westport, Conn. : Greenwood Press, 1981.
Series:Contributions in American history ; no. 92.
Subjects:

MARC

Tag First Indicator Second Indicator Subfields
LEADER 00000pam a2200000 a 4500
001 in00000077675
005 20151008053819.0
008 800813s1981 ctu b 00100 engm
010 |a  80023621  
020 |a 0313206600 (lib. bdg.) 
035 |a (OCoLC)06666313 
035 |9 AAH8733AM 
040 |a DLC  |c DLC  |d m.c.  |d TXA  |d UtOrBLW 
043 |a n-us--- 
049 |a TXAM  |c [1803525] 
050 0 0 |a HD8055.I5  |b F44 
082 0 |a 323.44/3/0973  |2 19 
245 0 0 |a Fellow workers and friends :  |b I.W.W. free speech fights as told by participants /  |c edited by Philip S. Foner. 
264 1 |a Westport, Conn. :  |b Greenwood Press,  |c 1981. 
300 |a viii, 242 pages ;  |c 22 cm. 
336 |a text  |b txt  |2 rdacontent 
337 |a unmediated  |b n  |2 rdamedia 
338 |a volume  |b nc  |2 rdacarrier 
490 1 |a Contributions in American history,  |x 0084-9219 ;  |v no. 92 
504 |a Includes bibliographical references and index. 
610 2 0 |a Industrial Workers of the World. 
650 0 |a Freedom of speech  |z United States. 
700 1 |a Foner, Philip Sheldon,  |d 1910-1994. 
830 0 |a Contributions in American history ;  |v no. 92. 
999 |a MARS 
999 f f |s 4823dfaa-e25e-3dfa-a58f-628cdba693b3  |i 978c5242-98ed-354f-8d4e-6cd558173e98  |t 0 
952 f f |p ric  |a Texas A&M University  |b Rellis Campus  |c Joint Library Facility  |d Remote Storage  |t 0  |e HD8055.I5 F44  |h Library of Congress classification  |i unmediated -- volume  |m A14806129841 
998 f f |a HD8055.I5 F44  |t 0  |l Remote Storage